| 000 | 00540nam a2200169 a 4500 | ||
|---|---|---|---|
| 001 | 000042872 | ||
| 005 | 20201002040449.0 | ||
| 008 | 140211s1976 dr 000 0 spa d | ||
| 040 |
_aDO-SdBNP _bspa _cBNPHU |
||
| 082 |
_axxxxxx _bxxxxxx |
||
| 100 | 1 |
_aMiolan, Angel _910047 |
|
| 245 | 1 | 0 |
_aTurismo : _bnuestra industria sin chimeneas / _cAngel Miolan. |
| 250 | _a2a ed. | ||
| 260 |
_aSanto Domingo : _bLetras de quisqueya, _c1976. |
||
| 300 |
_a263 p. ; _c21 cm. |
||
| 504 | _aIncluye referencias bibliográficas y notas al pie de las páginas | ||
| 999 |
_c42361 _d42361 |
||